| 000 | 00557nam a22001577a 4500 | ||
|---|---|---|---|
| 008 | 211101b ||||| |||| 00| 0 eng d | ||
| 020 | _a0773518835 | ||
| 050 | _aDT21.5.C58 1999 | ||
| 245 |
_aCivil wars in Africa _broots and resolution _c/edited by Taisier, Ali M. and Robert Matthews O. |
||
| 260 |
_aLondon: _bMcGill-Queen's University Press, _cc1999. |
||
| 300 |
_axii, 322p.; _c23cm. |
||
| 650 |
_aAfrican _xHistory _y1960- _950820 |
||
| 650 |
_aAfrica _xPolitics and government _y1960- _932116 |
||
| 650 |
_aCivil war _950566 |
||
| 942 |
_2lcc _cMONOGRAPH |
||
| 999 |
_c131046 _d131046 |
||